Musical artist in image #1 - Statistics

General Stats
  • This quiz has been taken 62 times
  • The average score is 12 of 18
Answer Stats
Picture Answer % Correct
Ed Sheeran
97%
Taylor Swift
97%
Drake
95%
Michael Jackson
93%
Eminem
88%
The Beatles
88%
Shakira
82%
Sam Smith
73%
Queen
68%
Coldplay
67%
Charlie Puth
62%
Maroon 5
60%
Bad Bunny
43%
Linkin Park
38%
Sia
33%
David Guetta
28%
Twenty-One Pilots
27%
Daddy Yankee
18%
No matching quizzes found
Score Distribution
Percent of People with Each Score
Percentile by Number Answered
Your Score History
You have not taken this quiz